| 000 | 00648cam a22002053a 4500 | ||
|---|---|---|---|
| 001 | 41310 | ||
| 003 | PGUSA | ||
| 005 | 20140828083929.0 | ||
| 008 | 121107s2012||||xxu|||||s|||||000 | eng d | ||
| 040 |
_aPGUSA _beng |
||
| 042 | _adc | ||
| 100 | 1 |
_aNewman, John Henry, _d1801-1890 |
|
| 245 | 1 | 0 |
_aSelections from the Prose Writings of John Henry Cardinal Newman : _bFor the Use of Schools _h[electronic resource] / _cJohn Henry Newman |
| 260 |
_bProject Gutenberg, _c2012 |
||
| 506 | _aPublic domain in the USA. | ||
| 516 | _aElectronic text | ||
| 830 | 0 |
_aProject Gutenberg _v41310 |
|
| 856 | 4 | 0 | _uhttp://www.gutenberg.org/ebooks/41310 |
| 942 | _cEB | ||
| 999 |
_c270562 _d270562 |
||